000 00238nam a2200097Ia 4500
001 649510
005 20250826153743.0
008 250824s9999 xx 000 0 und d
245 0 _aKAPİLAND IN KOBAYLARI
_cMİYASE SERTBARUT
260 _bTUDEM
999 _c649510
_d649510